000 00562cam a2200193 4500
001 D8695
008 090401t1983 xxu||||| |||| 00| 0 eng d
035 _a(Sirsi) u14644
041 _aeng
050 _a697.93
100 _aSherratt, A.F.C.
245 _aAir conditioning system design for buildings, based on a conference organised in March 1982
260 _aLondon
_bMcGraw-Hill Book Company
_c1983
300 _aix. 235p. 30cm
350 _a0
710 _aConstruction Industry Conference Centre Ltd et al
_92824
942 _n0
948 _c04/03/1997
999 _c87198
_d87198